An Introduction to Human Resource Management. (Record no. 349346)
[ view plain ]
| 000 -LEADER | |
|---|---|
| fixed length control field | 00413 a2200169 4500 |
| 020 ## - INTERNATIONAL STANDARD BOOK NUMBER | |
| International Standard Book Number | 9788132108924 |
| 024 ## - OTHER STANDARD IDENTIFIER | |
| Standard number or code | 9788132108924 |
| 082 ## - DEWEY DECIMAL CLASSIFICATION NUMBER | |
| Classification number | 658.3 |
| 090 ## - LOCALLY ASSIGNED LC-TYPE CALL NUMBER (OCLC); LOCAL CALL NUMBER (RLIN) | |
| -- | 7012 |
| -- | 7012 |
| 100 ## - MAIN ENTRY--PERSONAL NAME | |
| Personal name | Wilton,Nick |
| 245 ## - TITLE STATEMENT | |
| Title | An Introduction to Human Resource Management. |
| Statement of responsibility, etc. | Nick Wilton |
| 250 ## - EDITION STATEMENT | |
| Edition statement | 1st. |
| 260 ## - PUBLICATION, DISTRIBUTION, ETC. | |
| Place of publication, distribution, etc. | New Delhi |
| Name of publisher, distributor, etc. | SAGE |
| Date of publication, distribution, etc. | 2011 |
| 300 ## - PHYSICAL DESCRIPTION | |
| Extent | 518p. |
| 500 ## - GENERAL NOTE | |
| General note | Paper Cover |
| 942 ## - ADDED ENTRY ELEMENTS (KOHA) | |
| Institution code [OBSOLETE] | NBS |
| Koha item type | Book |
| Call number prefix | 658.3 WIL |
| Withdrawn status | Lost status | Damaged status | Not for loan | Permanent Location | Current Location | Date acquired | Total Checkouts | Full call number | Barcode | Date last seen | Date last checked out | Price effective from | Koha item type |
|---|---|---|---|---|---|---|---|---|---|---|---|---|---|
| Central Library (CL) | Central Library (CL) | 08/28/2013 | 2 | 658.3 WIL | NBS9031 | 08/16/2017 | 02/08/2017 | 08/28/2013 | Book |
